[Event "Zagreb-ch"]
[Site "Zagreb"]
[Date "2012.11.19"]
[Round "9"]
[White "Starcevic, Kresimir"]
[Black "Blazeka, Matej"]
[Result "0-1"]
[WhiteElo "2124"]
[BlackElo "2240"]
[PlyCount "104"]
[EventDate "2012.11.05"]
[EventType "tourn"]
[EventRounds "11"]
[EventCountry "CRO"]
[SourceTitle "EXT 2014"]
[Source "ChessBase"]
[SourceDate "2013.11.20"]
[SourceVersion "1"]
[SourceVersionDate "2013.11.20"]
[SourceQuality "1"]

1. e4 e5 2. Nf3 Nc6 3. d4 exd4 4. Nxd4 d6 5. Nc3 Nf6 6. f3 g6 7. Bg5 Bg7 8. Nd5 Bd7 9. Nb5 Rc8 10. Ndxc7+ Rxc7 11. Qxd6 Rc8 12. e5 Ne4 13. Bxd8 Nxd6 14. Nxd6+ Kxd8 15. Nxf7+ Kc7 16. Nxh8 Bxh8 17. f4 g5 18. g3 gxf4 19. gxf4 Rf8 20. Bd3 Rxf4 21. Bxh7 Rh4 22. Bd3 Nxe5 23. 0-0-0 Bc6 24. Rhe1 Nxd3+ 25. Rxd3 Rxh2 26. Re7+ Kb6 27. Rb3+ Kc5 28. Rbe3 a5 29. Re2 Rh4 30. a3 a4 31. Re1 Rh5 32. R7e2 Kb6 33. Rf1 Rb5 34. c3 Rh5 35. Rf4 Rh1+ 36. Kc2 Bg7 37. b3 Rh3 38. Rb4+ Ka7 39. bxa4 Rxc3+ 40. Kb1 Rxa3 41. Ra2 Re3 42. Rh2 Be4+ 43. Kc1 Bc3 44. Rxe4 Rxe4 45. Kc2 Be5 46. Rh5 Bd6 47. Rd5 Be7 48. Rd7 Kb6 49. Kd3 Re6 50. Kc4 Kc6 51. Rd4 Rh6 52. Re4 Rh4 0-1

[Event "Zagreb-ch"]
[Site "Zagreb"]
[Date "2012.11.16"]
[Round "8"]
[White "Hrupacki, Milan"]
[Black "Starcevic, Kresimir"]
[Result "1-0"]
[WhiteElo "2088"]
[BlackElo "2124"]
[PlyCount "93"]
[EventDate "2012.11.05"]
[EventType "tourn"]
[EventRounds "11"]
[EventCountry "CRO"]
[SourceTitle "EXT 2014"]
[Source "ChessBase"]
[SourceDate "2013.11.20"]
[SourceVersion "1"]
[SourceVersionDate "2013.11.20"]
[SourceQuality "1"]

1. d4 Nf6 2. Nf3 c5 3. e3 g6 4. c3 Bg7 5. dxc5 a5 6. Nbd2 Na6 7. Bxa6 Rxa6 8. Rb1 Qc7 9. 0-0 Qxc5 10. e4 d6 11. Re1 Ng4 12. Qe2 a4 13. h3 Ne5 14. a3 0-0 15. Nxe5 Bxe5 16. Nf3 Bg7 17. Be3 Qc6 18. Qd2 e5 19. Bh6 f5 20. Bxg7 Kxg7 21. Rbd1 Be6 22. exf5 Bxf5 23. Nh4 Be6 24. Qg5 Rf6 25. Re3 Rb6 26. Rd2 Rb5 27. Rf3 Rxf3 28. Nxf3 Qd7 29. Qh4 Rd5 30. Re2 Rd1+ 31. Kh2 Bd5 32. Ng5 h6 33. Ne4 g5 34. Nxg5 hxg5 35. Qxg5+ Kf8 36. Re3 Qe7 37. Qh6+ Qg7 38. Qxd6+ Qe7 39. Qg6 Qf7 40. Qh6+ Qg7 41. Qd6+ Qe7 42. Qb8+ Qe8 43. Qc7 Qe7 44. Qc8+ Kf7 45. Rg3 Kf6 46. Qg4 Bb3 47. Qg6# 1-0

[Event "Zagreb-ch"]
[Site "Zagreb"]
[Date "2012.11.14"]
[Round "6"]
[White "Starcevic, Kresimir"]
[Black "Bozinovic, Bogdan"]
[Result "0-1"]
[WhiteElo "2124"]
[BlackElo "2225"]
[PlyCount "68"]
[EventDate "2012.11.05"]
[EventType "tourn"]
[EventRounds "11"]
[EventCountry "CRO"]
[SourceTitle "EXT 2014"]
[Source "ChessBase"]
[SourceDate "2013.11.20"]
[SourceVersion "1"]
[SourceVersionDate "2013.11.20"]
[SourceQuality "1"]

1. e4 c5 2. Nf3 d6 3. Nc3 a6 4. d4 cxd4 5. Nxd4 Nf6 6. Be3 e6 7. f4 b5 8. e5 dxe5 9. fxe5 Nd5 10. Nxd5 Qxd5 11. Nf3 Bb7 12. Qxd5 Bxd5 13. a4 b4 14. Bd3 Nd7 15. 0-0-0 Nc5 16. Rhf1 Be7 17. Bxc5 Bxc5 18. Rfe1 Ke7 19. Be4 Rhd8 20. Bxd5 Rxd5 21. Rxd5 exd5 22. Kd2 h6 23. Kd3 Ke6 24. g4 Rc8 25. Re2 Bb6 26. Nd2 Rc5 27. h3 Ra5 28. b3 Rc5 29. Nb1 d4 30. Re4 Rc7 31. Re2 Kd5 32. Re4 Rxc2 33. Kxc2 Kxe4 34. Nd2+ Ke3 0-1

[Event "Zagreb-ch"]
[Site "Zagreb"]
[Date "2012.11.08"]
[Round "3"]
[White "Kalajzic, Ivan"]
[Black "Starcevic, Kresimir"]
[Result "1-0"]
[WhiteElo "2224"]
[BlackElo "2124"]
[PlyCount "102"]
[EventDate "2012.11.05"]
[EventType "tourn"]
[EventRounds "11"]
[EventCountry "CRO"]
[SourceTitle "EXT 2014"]
[Source "ChessBase"]
[SourceDate "2013.11.20"]
[SourceVersion "1"]
[SourceVersionDate "2013.11.20"]
[SourceQuality "1"]

1. d4 Nf6 2. Nf3 c5 3. d5 b5 4. Bg5 Ne4 5. Bh4 Bb7 6. a4 Qa5+ 7. Nbd2 Bxd5 8. axb5 Qb4 9. c4 Bb7 10. Qc2 g5 11. Ra4 Nxd2 12. Rxb4 Nxf3+ 13. exf3 cxb4 14. Bxg5 a6 15. Bd3 axb5 16. cxb5 f6 17. Bc1 Kf7 18. Qc7 Bd5 19. Bc4 Bxc4 20. Qxc4+ e6 21. 0-0 Be7 22. Bd2 d5 23. Qh4 h5 24. Bxb4 Ra4 25. Re1 Rxb4 26. Qh3 f5 27. g4 fxg4 28. fxg4 Rxg4+ 29. Kf1 Nd7 30. b6 Bc5 31. b7 Nf6 32. Qc3 Rc4 33. Qe5 Ba7 34. Qxe6+ Kg6 35. Qa6 Bb8 36. Re6 Rf4 37. Rc6 Kg7 38. Rc8 Nd7 39. Qe6 Rhf8 40. Qxd7+ R8f7 41. Qb5 Rxf2+ 42. Ke1 Bxh2 43. b8Q Bxb8 44. Rxb8 h4 45. Qd3 R2f4 46. Re8 Ra7 47. Qe3 Ra1+ 48. Kd2 Raf1 49. Qe7+ Rf7 50. Qg5+ Kh7 51. Qxh4+ Kg6 1-0

[Event "CRO-chT4A Center"]
[Site "Zagreb"]
[Date "2010.11.14"]
[Round "11.51"]
[White "Starcevic, Kresimir"]
[Black "Blazeka, Matej"]
[Result "0-1"]
[WhiteElo "2170"]
[BlackElo "2085"]
[PlyCount "86"]
[EventDate "2010.03.21"]
[EventType "team-tourn"]
[EventRounds "11"]
[EventCountry "CRO"]
[SourceTitle "EXT 2012"]
[Source "ChessBase"]
[SourceDate "2011.11.24"]
[SourceVersion "1"]
[SourceVersionDate "2011.11.24"]
[SourceQuality "1"]

1. e4 e5 2. Nf3 Nc6 3. d4 exd4 4. Nxd4 Bc5 5. Nxc6 Qf6 6. Qd2 dxc6 7. Bd3 Be6 8. 0-0 0-0-0 9. Qg5 Bd4 10. Qxf6 Nxf6 11. Nd2 h6 12. Nf3 Bc5 13. Bd2 Rhe8 14. Bc3 Be7 15. Rfe1 c5 16. b3 Nh5 17. Rad1 Nf4 18. Bf1 Rxd1 19. Rxd1 Bg4 20. Be5 Nh3+ 21. gxh3 Bxf3 22. Re1 Bg5 23. Bc3 Rxe4 24. Rxe4 Bxe4 25. Bxg7 Bxc2 26. h4 Bf4 27. Bh3+ f5 28. Bg2 b5 29. Bc6 a6 30. Kg2 Be4+ 31. Bxe4 fxe4 32. h5 Bd2 33. Kf1 c4 34. bxc4 bxc4 35. Ke2 c3 36. Kd1 Kd7 37. Kc2 Ke6 38. a4 Kf5 39. h3 Kg5 40. Be5 Kxh5 41. Bxc7 Kh4 42. Be5 Kxh3 43. Bxc3 Bxc3 0-1

[Event "Zagreb op-B"]
[Site "Zagreb"]
[Date "2009.03.29"]
[Round "9"]
[White "Korov, Zvonko"]
[Black "Starcevic, Kresimir"]
[Result "0-1"]
[WhiteElo "2063"]
[BlackElo "2184"]
[PlyCount "94"]
[EventDate "2009.03.21"]
[EventType "swiss"]
[EventRounds "9"]
[EventCountry "CRO"]
[SourceTitle "CBM 129 Extra"]
[Source "ChessBase"]
[SourceDate "2009.05.05"]
[SourceVersion "2"]
[SourceVersionDate "2009.05.20"]
[SourceQuality "1"]

1. c4 e5 2. Nc3 Nc6 3. g3 f5 4. Bg2 Nf6 5. e3 Bb4 6. Nge2 0-0 7. 0-0 d6 8. Nd5 Nxd5 9. Bxd5+ Kh8 10. d4 Ne7 11. Bg2 c6 12. a3 Ba5 13. b4 Bc7 14. Bb2 Ng6 15. d5 Bd7 16. Qd2 cxd5 17. cxd5 Bb6 18. Rfd1 Qg5 19. Rf1 f4 20. exf4 exf4 21. Nd4 Ne5 22. Rac1 Qh6 23. Rc3 Ng4 24. h3 fxg3 25. Qxh6 gxf2+ 26. Rxf2 Nxh6 27. Rcf3 Rxf3 28. Rxf3 Nf5 29. Rd3 Bb5 30. Rd2 Re8 31. Kh2 Nxd4 32. Bxd4 Bxd4 33. Rxd4 g6 34. Rd2 Re2 35. Rd1 Ra2 36. Rc1 Kg7 37. Rc7+ Kf6 38. Kg1 h5 39. Rxb7 a6 40. Rb8 Rxa3 41. Rd8 Ke5 42. Rg8 Bd3 43. Re8+ Kf4 44. Rf8+ Bf5 45. Kh2 Ra2 46. h4 Kg4 47. Kg1 Kg3 0-1

[Event "CRO-chT3"]
[Site "Zagreb"]
[Date "2008.04.27"]
[Round "5"]
[White "Starcevic, Kresimir"]
[Black "Kustrak, Mladen"]
[Result "1/2-1/2"]
[WhiteElo "2092"]
[BlackElo "1990"]
[PlyCount "104"]
[EventDate "2008.03.30"]
[EventType "team-tourn"]
[EventRounds "9"]
[EventCountry "CRO"]
[SourceTitle "EXT 2011"]
[Source "ChessBase"]
[SourceDate "2010.11.26"]
[SourceVersion "1"]
[SourceVersionDate "2010.11.26"]
[SourceQuality "1"]

1. e4 e6 2. d4 d5 3. Nd2 Nf6 4. e5 Ne4 5. Nxe4 dxe4 6. g3 c5 7. Ne2 Nc6 8. c3 cxd4 9. cxd4 Bb4+ 10. Bd2 0-0 11. Bg2 Bxd2+ 12. Qxd2 Qd5 13. Nc3 Qxd4 14. Qxd4 Nxd4 15. Bxe4 Nc6 16. f4 Bd7 17. 0-0-0 Rfd8 18. Rd6 Be8 19. Rhd1 Rxd6 20. Rxd6 a6 21. b3 Rd8 22. Na4 Rxd6 23. exd6 Nb8 24. Nb6 Bc6 25. Bd3 Kf8 26. Kd2 g6 27. Kc3 Ke8 28. Kd4 Nd7 29. Nxd7 Kxd7 30. Ke5 b5 31. b4 f5 32. Bc2 Bd5 33. Bb3 Bc4 34. Bxc4 bxc4 35. Kd4 Kxd6 36. Kxc4 e5 37. fxe5+ Kxe5 38. a4 Kd6 39. Kd4 Ke6 40. h4 h6 41. h5 g5 42. b5 axb5 43. axb5 Kd6 44. b6 Kc6 45. Ke5 f4 46. gxf4 g4 47. Ke4 Kxb6 48. f5 Kc6 49. Kf4 Kd6 50. Kg3 Kd5 51. Kf4 Kd6 52. Ke4 g3 1/2-1/2

[Event "Bizovac Metalis op 15th"]
[Site "Bizovac"]
[Date "2008.02.24"]
[Round "7"]
[White "Starcevic, Kresimir"]
[Black "Mestrovic, Zvonimir"]
[Result "0-1"]
[WhiteElo "2092"]
[BlackElo "2310"]
[PlyCount "144"]
[EventDate "2008.02.21"]
[EventType "swiss"]
[EventRounds "7"]
[EventCountry "CRO"]
[SourceTitle "CBM 122 Extra"]
[Source "ChessBase"]
[SourceDate "2008.03.04"]
[SourceVersion "1"]
[SourceVersionDate "2008.03.04"]
[SourceQuality "1"]

1. e4 Nc6 2. d4 d6 3. Nf3 Nf6 4. Nc3 Bg4 5. Be3 e5 6. d5 Ne7 7. Bb5+ c6 8. dxc6 bxc6 9. Ba4 Qc7 10. Qd3 Bd7 11. 0-0-0 Nc8 12. Ng5 h6 13. Nh3 Be7 14. f3 Nb6 15. Bb3 Be6 16. g4 Rd8 17. Bxe6 fxe6 18. g5 Nh5 19. gxh6 gxh6 20. f4 exf4 21. Qe2 fxe3 22. Qxh5+ Kd7 23. Qe2 Qb7 24. e5 d5 25. Nf4 Rdf8 26. Qg4 Rxf4 27. Qxf4 e2 28. Rdg1 Nc4 29. b3 Qb4 30. Nxe2 Qa3+ 31. Kd1 Rf8 32. Qxh6 Nxe5 33. Rf1 Ng4 34. Qc1 Nf2+ 35. Rxf2 Qxc1+ 36. Nxc1 Rxf2 37. h4 e5 38. Nd3 Rf5 39. h5 e4 40. Nc1 Rf7 41. Ne2 Bd6 42. Kd2 Be5 43. Ke3 c5 44. h6 Rf3+ 45. Kd2 Ke6 46. h7 Rf8 47. Ke3 Rf3+ 48. Kd2 Bh8 49. Rg1 Rf7 50. Rg6+ Kf5 51. Rc6 Ke5 52. Rxc5 Kd6 53. b4 Rxh7 54. Nf4 d4 55. Rd5+ Kc6 56. b5+ Kb6 57. Ne2 Rh2 58. Rd7 Be5 59. Rf7 Kxb5 60. Rf5 Kc4 61. Rxe5 e3+ 62. Rxe3 dxe3+ 63. Kxe3 a5 64. Kd2 a4 65. a3 Rh3 66. Nc1 Rxa3 67. Nd3 Ra1 68. Nb2+ Kb5 69. Kc3 Ra3+ 70. Kd2 Rh3 71. Nd3 a3 72. Kc3 Ka4 0-1

[Event "Bizovac Metalis op 15th"]
[Site "Bizovac"]
[Date "2008.02.21"]
[Round "2"]
[White "Orak, Ljubomir"]
[Black "Starcevic, Kresimir"]
[Result "0-1"]
[WhiteElo "2325"]
[BlackElo "2092"]
[PlyCount "72"]
[EventDate "2008.02.21"]
[EventType "swiss"]
[EventRounds "7"]
[EventCountry "CRO"]
[SourceTitle "CBM 122 Extra"]
[Source "ChessBase"]
[SourceDate "2008.03.04"]
[SourceVersion "1"]
[SourceVersionDate "2008.03.04"]
[SourceQuality "1"]

1. e4 e6 2. d4 d5 3. Nc3 Bb4 4. e5 c5 5. a3 Bxc3+ 6. bxc3 Ne7 7. Nf3 Nbc6 8. Be2 Qa5 9. 0-0 b6 10. Rb1 Ba6 11. Bxa6 Qxa6 12. dxc5 bxc5 13. Qd3 Qa4 14. Be3 c4 15. Qd2 0-0 16. Bc5 Rfb8 17. g4 Rb5 18. Bxe7 Nxe7 19. Nd4 Rbb8 20. f4 Ng6 21. Rbe1 Qxa3 22. f5 Nf8 23. f6 Rb7 24. h4 Re8 25. h5 Nd7 26. g5 Nc5 27. Rf3 Ne4 28. Qf4 gxf6 29. exf6 e5 30. Rxe4 dxe4 31. Qxe4 Rb1+ 32. Kg2 Qc1 33. Ne2 Qh1+ 34. Kg3 Qxh5 35. Qf5 Rh1 36. Kf2 e4 0-1

[Event "Velika Gorica op 7th"]
[Site "Velika Gorica"]
[Date "2007.08.25"]
[Round "9"]
[White "Klement, Dubravko"]
[Black "Starcevic, Kresimir"]
[Result "0-1"]
[WhiteElo "1927"]
[BlackElo "2115"]
[PlyCount "104"]
[EventDate "2007.08.18"]
[EventType "swiss"]
[EventRounds "9"]
[EventCountry "CRO"]
[SourceTitle "CBM 120 Extra"]
[Source "ChessBase"]
[SourceDate "2007.11.01"]
[SourceVersion "1"]
[SourceVersionDate "2007.11.01"]
[SourceQuality "1"]

1. d4 Nf6 2. c4 c5 3. d5 g6 4. Nc3 Bg7 5. e4 d6 6. Be2 0-0 7. Bg5 h6 8. Bh4 e6 9. Nf3 exd5 10. cxd5 Re8 11. Qc2 b6 12. 0-0 Ba6 13. Bxa6 Nxa6 14. a3 Nc7 15. Rad1 g5 16. Bg3 Nh5 17. Rfe1 Nxg3 18. hxg3 a6 19. Re2 Ra7 20. Rde1 Nb5 21. Nxb5 axb5 22. Qb3 Qd7 23. e5 dxe5 24. Nxe5 Rxe5 25. Rxe5 Bxe5 26. Rxe5 Ra4 27. Qe3 Rd4 28. Qf3 Qd6 29. Qf5 Kg7 30. f4 Qg6 31. fxg5 Rd1+ 32. Kf2 hxg5 33. Qxg5 Qxg5 34. Rxg5+ Kf6 35. Rh5 Kg6 36. g4 f6 37. Ke3 Rd4 38. Kf3 b4 39. axb4 Rxb4 40. Rh8 Rxb2 41. Rb8 Rd2 42. Rxb6 Rxd5 43. Rc6 Re5 44. Kf4 Rd5 45. g3 Rd4+ 46. Kf3 Rd3+ 47. Kf4 Rc3 48. Rc8 Rc1 49. Ke4 c4 50. Rc5 c3 51. Kf3 c2 52. Kf2 Rh1 0-1

[Event "Velika Gorica op 7th"]
[Site "Velika Gorica"]
[Date "2007.08.23"]
[Round "7"]
[White "Cupic, Lovro"]
[Black "Starcevic, Kresimir"]
[Result "0-1"]
[WhiteElo "1918"]
[BlackElo "2115"]
[PlyCount "110"]
[EventDate "2007.08.18"]
[EventType "swiss"]
[EventRounds "9"]
[EventCountry "CRO"]
[SourceTitle "CBM 120 Extra"]
[Source "ChessBase"]
[SourceDate "2007.11.01"]
[SourceVersion "1"]
[SourceVersionDate "2007.11.01"]
[SourceQuality "1"]

1. e4 c5 2. Nf3 e6 3. d4 cxd4 4. Nxd4 a6 5. Nc3 Qc7 6. Nb3 Nf6 7. Bd3 b5 8. 0-0 Bb7 9. Qf3 Be7 10. Bf4 d6 11. Ne2 Nbd7 12. Rac1 e5 13. Bd2 d5 14. Ng3 dxe4 15. Nxe4 0-0 16. Ba5 Qb8 17. Rfe1 Qa7 18. Qf5 Bxe4 19. Bxe4 g6 20. Qf3 Nxe4 21. Qxe4 Rfe8 22. Rcd1 Bd8 23. Qc6 Bxa5 24. Rxd7 Qxd7 25. Qxd7 Bxe1 26. Kf1 Bb4 27. c3 Bf8 28. Qc6 Rec8 29. Qb7 Rcb8 30. Qc6 a5 31. Nd2 a4 32. Ne4 b4 33. Qc7 bxc3 34. Ng5 Bg7 35. Qxf7+ Kh8 36. Qc4 Rf8 37. bxc3 Bf6 38. Ne4 Bg7 39. Nd6 h6 40. Qg4 Kh7 41. h4 Rf4 42. Qd7 Raf8 43. f3 e4 44. Kf2 h5 45. Ke3 exf3 46. gxf3 Rxf3+ 47. Kd2 Rf2+ 48. Ke1 Rxa2 49. Ne8 Rxe8+ 50. Qxe8 Bxc3+ 51. Kd1 Bg7 52. Qa8 a3 53. Kc1 Ra1+ 54. Kc2 a2 55. Qd5 Rf1 0-1

[Event "Velika Gorica op 7th"]
[Site "Velika Gorica"]
[Date "2007.08.22"]
[Round "6"]
[White "Starcevic, Kresimir"]
[Black "Medic, Mirjana"]
[Result "0-1"]
[WhiteElo "2115"]
[BlackElo "2237"]
[PlyCount "102"]
[EventDate "2007.08.18"]
[EventType "swiss"]
[EventRounds "9"]
[EventCountry "CRO"]
[SourceTitle "CBM 120 Extra"]
[Source "ChessBase"]
[SourceDate "2007.11.01"]
[SourceVersion "1"]
[SourceVersionDate "2007.11.01"]
[SourceQuality "1"]

1. e4 e6 2. d4 d5 3. Nd2 Nf6 4. e5 Nfd7 5. Bd3 c5 6. c3 Nc6 7. Ne2 cxd4 8. cxd4 a5 9. 0-0 Nb6 10. Nf3 Be7 11. Nc3 Nb4 12. Be2 a4 13. a3 Nc6 14. Be3 Bd7 15. Nd2 Na5 16. f4 g6 17. Rc1 Rc8 18. g4 Nac4 19. Nxc4 Nxc4 20. Bxc4 Rxc4 21. Qd2 h5 22. g5 Bc6 23. Rc2 Qb6 24. Rfc1 Kd7 25. Qf2 Rc8 26. Nd1 Bb5 27. Qd2 Rxc2 28. Rxc2 Bc4 29. Kf2 Qa6 30. Qc1 Rc6 31. Bd2 Bf1 32. Bc3 Bh3 33. Ne3 Qd3 34. Qd1 Qxd1 35. Nxd1 Bf5 36. Rc1 b5 37. Ne3 b4 38. axb4 Bxb4 39. Ra1 Bxc3 40. bxc3 Rxc3 41. Rxa4 Be4 42. Ra7+ Ke8 43. Ra8+ Ke7 44. Ra7+ Kf8 45. Ra1 Rb3 46. Re1 Rb4 47. Rd1 Rb2+ 48. Kg3 Re2 49. Nf1 Rg2+ 50. Kh3 Rf2 51. Ng3 Bg2+ 0-1

[Event "CRO-ch U19"]
[Site "Bjelolasica"]
[Date "2007.07.31"]
[Round "2"]
[White "Okrosa, Marijan"]
[Black "Starcevic, Kresimir"]
[Result "0-1"]
[WhiteElo "2012"]
[BlackElo "2115"]
[PlyCount "76"]
[EventDate "2007.07.30"]
[EventType "tourn"]
[EventRounds "9"]
[EventCountry "CRO"]
[SourceTitle "CBM 119 Extra"]
[Source "ChessBase"]
[SourceDate "2007.09.04"]
[SourceVersion "1"]
[SourceVersionDate "2007.09.04"]
[SourceQuality "1"]

1. d4 Nf6 2. c4 c5 3. d5 d6 4. Nc3 g6 5. g3 Bg7 6. Bg2 0-0 7. Nf3 Na6 8. 0-0 Nc7 9. a4 Rb8 10. h3 b6 11. Re1 a6 12. e4 Nd7 13. Bf1 Ne5 14. Nh4 f6 15. f4 Nf7 16. f5 Ne5 17. fxg6 hxg6 18. Bf4 Qe8 19. Bxe5 fxe5 20. Qd2 Bd7 21. Bg2 Kh7 22. g4 Rf4 23. Ne2 Rf8 24. Rf1 b5 25. Rxf8 Bxf8 26. axb5 axb5 27. Ra7 Qd8 28. Nf3 bxc4 29. Ng5+ Kg8 30. Qe1 Bh6 31. Qh4 Bxg5 32. Qxg5 Kg7 33. Ng3 Kh7 34. Rxc7 Qxc7 35. Qxe7+ Kg8 36. Qf6 Be8 37. h4 Rxb2 38. h5 Qf7 0-1